LAS ORGANIZACIONES CAMPESINAS

Tallennettuna:
Bibliografiset tiedot
Päätekijä: Granados Roldán, Otto (autor)
Aineistotyyppi: Kirja
Painos:3a edición
Tagit: Lisää tagi
Ei tageja, Lisää ensimmäinen tagi!

MARC

LEADER 00000nam^a2200000^a^4500
001 000214214
005 20250521000000.0
009 20260310103550.724
035 |a 034548 
037 |a Acervo Xavier Clavigero 
082 |a 393. 8  |b GRA 
100 |a Granados Roldán, Otto  |e (autor) 
245 1 4 |a LAS ORGANIZACIONES CAMPESINAS 
250 |a 3a edición 
264 |a MEXICO :  |b OCEANO,  |c 1988 
300 |a 83p. 
336 |a texto  |b txt  |2 rdacontenido 
337 |a sin mediación  |b n  |2 rdamedio 
338 |a volumen  |b nc  |2 rdasoporte 
649 |a XX 
910 |a Fondo General 
920 |a Impresos - Libros 
930 |a Colección General 
905 |a 101 
901 |a 034548  |b IT1  |c ACC  |i 034548  |u 20250521 
902 |a https://opac.biblio.iteso.mx/vufind/Record/000214214